Normal view
MARC view
Entry Personal Name
001 - CONTROL NUMBER
- control field: 75227
003 - CONTROL NUMBER IDENTIFIER
- control field: dpl
005 - DATE AND TIME OF LATEST TRANSACTION
- control field: 20241216164029.0
008 - FIXED-LENGTH DATA ELEMENTS
- fixed length control field: 241216|| aca||aabn | a|a d
040 ## - CATALOGING SOURCE
- Original cataloging agency: dpl
- Transcribing agency: dpl
100 ## - HEADING--PERSONAL NAME
- Personal name: Kabilan, Lalitha
670 ## - SOURCE DATA FOUND
- Source citation: Work cat.: (dpl)207736: Kabilan, R. 75226, Bhismer Leaders and Bangladesi Women Build Bharatha Desami/, February, 2024
